| 000 | 00596nam a2200193 4500 | ||
|---|---|---|---|
| 008 | b xx# eng u | ||
| 010 | _a45422/4 | ||
| 020 | _a0030950902 | ||
| 020 | _a9780030950902 | ||
| 040 | _aLB-BrCRDP | ||
| 082 | _aS:E/S416p | ||
| 130 | 0 | _lEN | |
| 245 | 1 | 0 |
_aScience plus _btechnology and society : level green _cEarl S. Morrison ... [et al.] |
| 260 |
_aAustin ; London _bHolt, Rinehart and Winston _cc1997 |
||
| 300 |
_a1 v. (various pagings) _bcol. ill. ; _c28cm. |
||
| 500 | _aAnnotated teacher's edition | ||
| 942 | _cBK | ||
| 999 |
_c11445 _d11445 |
||